Elements of applied bifurcation theory
Saved in:
| Hovedforfatter: | |
|---|---|
| Format: | Bog |
| Sprog: | engelsk |
| Udgivet: |
Dordrecht
Springer
2004
|
| Udgivelse: | 3a. ed |
| Serier: | Applied Mathematical Sciences, 112
|
| Fag: | |
| Tags: |
Tilføj Tag
Ingen Tags, Vær først til at tagge denne postø!
|
MARC
| LEADER | 00000nam a2200000 a 4500 | ||
|---|---|---|---|
| 001 | UCI3164 | ||
| 003 | CL-VaPUC | ||
| 008 | 071012e20040000ne |||||||||||||||||eng|d | ||
| 020 | |a 9780387219066 | ||
| 082 | 0 | 4 | |a 515.35 |b KUZ |2 21 |
| 100 | 0 | |a Kuznetsov, Yuri A |e author |9 524580 | |
| 245 | 1 | 0 | |a Elements of applied bifurcation theory |
| 250 | |a 3a. ed | ||
| 300 | |a 631 p | ||
| 942 | |c BK | ||
| 945 | |d 20071012 00:00:00 |a jtorresc | ||
| 260 | |a Dordrecht |b Springer |c 2004 | ||
| 650 | 7 | |a TEORIA DE LA BIFURCACION |2 CL-VaPUC |9 269963 | |
| 650 | 0 | |a Ecuaciones diferenciales |9 260083 | |
| 583 | |a last modification |c 20171213 06:00:37 |k Rodrigo Vera | ||
| 490 | 0 | |a Applied Mathematical Sciences, 112 | |
| 999 | |c 327536 |d 327534 | ||
| 952 | |0 0 |1 0 |4 0 |6 515_350000000000000_KUZ_2004 |7 0 |8 A |9 410470 |a BIBMAT |b BIBMAT |d 2019-11-22 |i 4348761 |o 515.35 KUZ 2004 |p 4348761 |r 2025-01-07 |w 2019-11-22 |y BK |k MAT | ||